000
00305nam a2200121Ia 4500
008
191201s2014 xx 000 0 und d
100
_a
NARANG, J S
245
0
_a
CNC Machines and Automotion
250
_a
Rep
260
_c
2014
_b
Dhanpat Rai Pubns (P) Ltd
_a
NEW DELHI
300
_a
misc
942
_2
ddc
_c
BK
_0
1
999
_c
8130
_d
8130